Personnages de Street Fighter IV - Statistiques

Statistiques générales
  • Ce quiz a été pris 275 fois
  • Le résultat moyen est 24 sur 43
Statistiques - réponses
Nationalités Réponses % Correct
Japon Evil Ryu
99%
Japon Ryu
99%
Etats-Unis Ken Masters
98%
URSS (Russie) Zangief
90%
Inconnue (Shadaloo) M. Bison
87%
Espagne Vega
87%
Inde Dhalsim
85%
Brésil Blanka
84%
Etats-Unis Balrog
80%
Etats-Unis Guile
80%
Japon E. Honda
79%
Thaïlande Sagat
79%
Angleterre Cammy
73%
Japon Akuma (Gouki)
72%
Jamaïque Dee Jay
59%
Inconnue (S.I.N.) Seth
58%
France Abel
55%
Hong Kong Fei Long
54%
Japon Sakura
52%
Mexique T. Hawk
50%
Japon Gouken
49%
Mexique El Fuerte
46%
Turquie Hakan
46%
Italie Rose
46%
Angleterre Dudley
45%
Etats-Unis Rufus
45%
Allemagne Hugo
43%
Japon/USA Guy
42%
Thaïlande Adon
41%
Etats-Unis Crimson Viper
41%
Chine Gen
41%
Etats-Unis Poison
41%
Hong Kong Yun
38%
Kenya Elena
37%
Japon Makoto
37%
Russie Decapre
36%
Japon Ibuki
36%
Hong Kong Yang
36%
Japon Oni
34%
Etats-Unis Rolento
28%
Corée du Sud Juri Han
22%
Hong Kong Dan Hibiki
18%
Etats-Unis Cody Travers
8%
Aucun quiz correspondant
Distribution des résultats
% des personnes avec chaque résultat
Percentile par nombre de réponses
Votre historique - résultats
Vous n’avez pas pris ce quiz